<?xml version="1.0" encoding="UTF-8"?><record xmlns="http://www.loc.gov/MARC21/slim" xmlns:zs="http://docs.oasis-open.org/ns/search-ws/sruResponse">
  <leader>00948cz  a2200205n  4500</leader>
  <controlfield tag="001">n  87148811 </controlfield>
  <controlfield tag="003">DLC</controlfield>
  <controlfield tag="005">20100516081631.0</controlfield>
  <controlfield tag="008">871207n| acannaabn          |a ana      </controlfield>
  <datafield ind1=" " ind2=" " tag="010">
    <subfield code="a">n  87148811 </subfield>
  </datafield>
  <datafield ind1=" " ind2=" " tag="034">
    <subfield code="d">E0023400</subfield>
    <subfield code="e">E0023400</subfield>
    <subfield code="f">N0480500</subfield>
    <subfield code="g">N0480500</subfield>
    <subfield code="2">other</subfield>
  </datafield>
  <datafield ind1=" " ind2=" " tag="035">
    <subfield code="a">(OCoLC)oca01995646</subfield>
  </datafield>
  <datafield ind1=" " ind2=" " tag="040">
    <subfield code="a">DLC</subfield>
    <subfield code="b">eng</subfield>
    <subfield code="c">DLC</subfield>
    <subfield code="d">DLC</subfield>
    <subfield code="d">OCoLC</subfield>
  </datafield>
  <datafield ind1=" " ind2=" " tag="043">
    <subfield code="a">e-fr---</subfield>
  </datafield>
  <datafield ind1=" " ind2=" " tag="151">
    <subfield code="a">Le Bréau (Seine-et-Marne, France)</subfield>
  </datafield>
  <datafield ind1=" " ind2=" " tag="451">
    <subfield code="a">Bréau (Seine-et-Marne, France)</subfield>
  </datafield>
  <datafield ind1=" " ind2=" " tag="670">
    <subfield code="a">Conference of the European Economic Associations. Colloquium (1st : 1983 : Le Bréau, Seine-et-Marne). Politiques macroéconomiques pour les années 80, 1984:</subfield>
    <subfield code="b">t.p. (Breau) p. 4 (Bréau (near Paris))</subfield>
  </datafield>
  <datafield ind1=" " ind2=" " tag="670">
    <subfield code="a">BGN France</subfield>
    <subfield code="b">(Le Bréau, ppl. 48°05ʹN, 2°34ʹE; variants: Bréau; dept., Seine-et-Marne; lists other places with same name)</subfield>
  </datafield>
  <datafield ind1=" " ind2=" " tag="670">
    <subfield code="a">Dic. nat. des communes de France, 1983:</subfield>
    <subfield code="b">p. 334 (Bréau, Seine-et-Marne)</subfield>
  </datafield>
  <datafield ind1=" " ind2="0" tag="781">
    <subfield code="z">France</subfield>
    <subfield code="z">Le Bréau (Seine-et-Marne)</subfield>
  </datafield>
</record>
